000 00405nam a2200193Ia 4500
001 003675
003 YMCAF
005 20230512160228.0
008 100717s9999 ||||||||||||||||| ||und|d
024 _a3675
035 _a3652
040 _aYMCAF
_beng
_cIN-KoLT
041 _aeng
082 _aAUT-KPG
100 _aKUO.B.C.
245 0 _aAUTOMATIC CONTROL SYSTEMS
300 _a111
942 _2ddc
_cBK
999 _c2898
_d2898